What sisters do best/ What brothers do best / (Record no. 8140)
[ view plain ]
| 000 -LEADER | |
|---|---|
| fixed length control field | 01011nam a22003017a 4500 |
| 001 - CONTROL NUMBER | |
| control field | 8140 |
| 003 - CONTROL NUMBER IDENTIFIER | |
| control field | FISKH |
| 005 - DATE AND TIME OF LATEST TRANSACTION | |
| control field | 20260401100420.0 |
| 008 - FIXED-LENGTH DATA ELEMENTS--GENERAL INFORMATION | |
| fixed length control field | 250828b cb ||||| |||| 00| 0 eng d |
| 020 ## - INTERNATIONAL STANDARD BOOK NUMBER | |
| International Standard Book Number | 9780545283977 |
| 040 ## - CATALOGING SOURCE | |
| Original cataloging agency | FISKH |
| Language of cataloging | eng |
| Transcribing agency | FISKH |
| Modifying agency | FISKH |
| 050 ## - LIBRARY OF CONGRESS CALL NUMBER | |
| Classification number | PZ7.N964 W |
| 082 ## - DEWEY DECIMAL CLASSIFICATION NUMBER | |
| Classification number | 813.54 |
| 100 ## - MAIN ENTRY--PERSONAL NAME | |
| Personal name | Numeroff, Laura |
| 245 ## - TITLE STATEMENT | |
| Title | What sisters do best/ What brothers do best / |
| Statement of responsibility, etc. | By Laura Numeroff : Illustrated by Lynn Munsinger |
| 260 ## - PUBLICATION, DISTRIBUTION, ETC. | |
| Place of publication, distribution, etc. | New York : |
| Name of publisher, distributor, etc. | Scholastic , |
| Date of publication, distribution, etc. | 2012. |
| 300 ## - PHYSICAL DESCRIPTION | |
| Extent | 20 pages : |
| Other physical details | color illustrations ; |
| Dimensions | 26 cm . |
| 490 ## - SERIES STATEMENT | |
| Series statement | What Brothers/Sisters Do Best |
| 505 ## - FORMATTED CONTENTS NOTE | |
| Formatted contents note | G <br/> |
| 520 ## - SUMMARY, ETC. | |
| Summary, etc. | Read one way, this book describes all the wonderful things sisters do, and when turned over, it depicts why brothers are special.<br/> |
| 521 8# - TARGET AUDIENCE NOTE | |
| Target audience note | 350 <br/> |
| Source | Lexile estimate <br/> |
| 521 8# - TARGET AUDIENCE NOTE | |
| Target audience note | G <br/> |
| Source | Raz-Plus <br/> |
| 650 ## - SUBJECT ADDED ENTRY--TOPICAL TERM | |
| Topical term or geographic name entry element | All About Family |
| Form subdivision | Fiction |
| 650 ## - SUBJECT ADDED ENTRY--TOPICAL TERM | |
| Topical term or geographic name entry element | Siblings |
| Form subdivision | Fiction |
| 700 ## - ADDED ENTRY--PERSONAL NAME | |
| Personal name | Munsinger, Lynn |
| Relator term | Illustrator |
| 942 ## - ADDED ENTRY ELEMENTS (KOHA) | |
| Source of classification or shelving scheme | Dewey Decimal Classification |
| Koha item type | Books |
| Suppress in OPAC | No |
| Withdrawn status | Lost status | Source of classification or shelving scheme | Damaged status | Not for loan | Collection | Home library | Current library | Shelving location | Date acquired | Total Checkouts | Full call number | Barcode | Date last seen | Date last checked out | Copy number | Price effective from | Koha item type |
|---|---|---|---|---|---|---|---|---|---|---|---|---|---|---|---|---|---|
| Dewey Decimal Classification | Juvenile Fiction | Footprints International School Library Network Toul Tom Poung Campus | Footprints International School Library Network Toul Tom Poung Campus | TTP Primary Green Bookshelves | 10/07/2025 | 1 | NUM 813.54 PZ7.N964 W | 2025-4301 | 09/16/2025 | 09/16/2025 | 1 | 10/07/2025 | Books | ||||
| Dewey Decimal Classification | Juvenile Fiction | Footprints International School Library Network Toul Tom Poung Campus | Footprints International School Library Network Toul Tom Poung Campus | TTP Primary Green Bookshelves | 10/07/2025 | NUM 813.54 PZ7.N964 W | 2025-4486 | 10/07/2025 | 2 | 10/07/2025 | Books | ||||||
| Dewey Decimal Classification | Juvenile Fiction | Footprints International School Library Network Toul Tom Poung Campus | Footprints International School Library Network Toul Tom Poung Campus | TTP Primary Green Bookshelves | 04/01/2026 | NUM 813.54 PZ7.N964 W | 2026-0422 | 04/01/2026 | 3 | 04/01/2026 | Books |
